000 00275nam a22001337a 4500
008 170824b xxu||||| |||| 00| 0 eng d
020 _a0486656764
041 _aeng
080 _a51
100 _a38
101 _aMAT
245 _aTOPOLOGY
_cHOCKING,J,G
942 _2udc
_cBK
999 _c24781
_d24781